Anagramme Pompier - Statistics

General Stats
  • This quiz has been taken 135 times
  • The average score is 5 of 13
Answer Stats
Hint Answer % Correct
FPT Fourgon pompe tonne
97%
ARI Appareil Respiratoire Isolant
60%
VSAV Véhicule de Secours et d'Assistance aux Victimes
55%
VTU Véhicule Tout Usage
44%
LDV Lance à Débit Variable
38%
CA Chef d'Agrès
36%
CE Chef d'Equipe
34%
CCF Camion Citerne Feux de forêt
26%
MPR Moto pompe remorquable
25%
PI Poteau Incendie
25%
LDT Lance à Dévidoir Tournant
20%
MID Matelas Immobilisateur à Dépression
18%
PRM Point de Rassemblement des Moyen
6%
No matching quizzes found
Score Distribution
Percent of People with Each Score
Percentile by Number Answered
Your Score History
You have not taken this quiz